Retrouve les chansons d'Alain Bashung - Statistiques

Statistiques générales
  • Ce quiz a été pris 33 fois
  • Le résultat moyen est 14 sur 21
Answers on the Grid
Answers color-coded by a green-red scale on the quiz's grid according to % correct below.
Le Complexe du corn flakes
La nuit je mens
Gaby oh Gaby
Comme un légo
J'écume
Tombé pour la France
Toujours pas d'amour
Vertige de l'amour
Divine idylle
Résidents de la République
Madame rêve
Ma petite entreprise
Bombez!
Je tuerai la pianiste
Foule sentimentale
Tant de nuits
Aucun express
J'passe pour une caravane
Besoin de personne
Malaxe
Rockollection
Fantaisie militaire
Au pavillon des lauriers
La groupie du pianiste
Angora
Osez Joséphine
Sur un trapèze
Je t'ai manqué
Hier à Sousse
Il jouait du piano debout
 
Statistiques - réponses
Réponse % Correct
Gaby oh Gaby
100%
La nuit je mens
96%
Vertige de l'amour
93%
Ma petite entreprise
89%
Osez Joséphine
89%
Madame rêve
82%
Résidents de la République
82%
Fantaisie militaire
71%
J'écume
68%
Malaxe
61%
Bombez!
57%
Hier à Sousse
57%
Tant de nuits
57%
Je tuerai la pianiste
54%
Sur un trapèze
54%
Au pavillon des lauriers
50%
Je t'ai manqué
50%
J'passe pour une caravane
50%
Aucun express
43%
Comme un légo
43%
Angora
39%
Aucun quiz correspondant
Distribution des résultats
% des personnes avec chaque résultat
Percentile par nombre de réponses
Votre historique - résultats
Vous n’avez pas pris ce quiz